Seleccionar Mapa parroquias A Estrada (Galicia) - Estadísticas

Estadísticas generales
  • Esta prueba ha sido intentada 46 veces
  • La puntuación promedio es 21 de 51
Respuestas en el mapa
Las respuestas están codificadas por una escala verde-roja en el mapa de la prueba según el % correcto abajo.
 
Estadísticas de respuestas
Respuesta % Correcto
Codeseda
78%
Couso
67%
Frades
67%
Oca
67%
San Miguel de Barcala
67%
San Miguel de Castro
67%
San Xurxo de Vea
67%
Tabeiros
67%
A Estrada
56%
Arca
56%
Cereixo
56%
Lagartons
56%
Sabucedo
56%
Santa Mariña de Barcala
56%
Santo Andre de Vea
56%
Santo Tome de Ancorados
56%
Souto
56%
Callobre
44%
Liripio
44%
Matalobos
44%
Ouzande
44%
Ribeira
44%
Rubin
44%
Santa Cristina de Vea
44%
San Xulian de Vea
44%
Somoza
44%
Toedo
44%
Agar
33%
Aguions
33%
Baloira
33%
Berres
33%
Cora
33%
Moreira
33%
Nigoi
33%
Orazo
33%
Riobo
33%
San Pedro de Ancorados
33%
Vinseiro
33%
Arnois
22%
Barbude
22%
Curantes
22%
Guimarei
22%
Lamas
22%
Loimil
22%
Olives
22%
Parada
22%
Paradela
22%
Pardemarin
22%
Ribela
22%
Santeles
22%
Remesar
11%
No se encontraron pruebas coincidentes
Distribución de puntuación
Porcentaje de gente con cada puntuación
Porcentaje por número respondido
Historial de tus puntuaciones
No has intentado esta prueba.